Mathematische Grundlagen der Systemanalyse Ausgewählte moderne Verjahren

Na minha lista:
Detalhes bibliográficos
Autor principal: Göldner, Klaus
Formato: Livro
Idioma:alemão
Publicado em: Leipzig Fachbuchverlag 1982
Colecção:Mathematik für Ingenieure
Tags: Adicionar Tag
Sem tags, seja o primeiro a adicionar uma tag!

MARC

LEADER 00000nam a2200000 4500
001 c129513
005 20260128075109.6
041 0 |a ger 
044 |a DE 
245 1 0 |a Mathematische Grundlagen der Systemanalyse  |b Ausgewählte moderne Verjahren  |c Klaus Göldner 
264 1 |a Leipzig  |b Fachbuchverlag  |c 1982 
300 |a 264 s. 
490 1 |a Mathematik für Ingenieure 
830 0 |a Mathematik für Ingenieure 
100 1 |a Göldner, Klaus